000 00838nam0a22002531 4500
001 rc\846883
005 20230214162747.0
035 _a(NLR Aleph) 006027790
090 _a7496451
_c7496451
100 _a20041129d1983 u |0rusy50 ca
101 0 _arus
102 _aRU
105 _aa |||||||||
200 1 _aОсновы технологии правки сварных конструкций
210 _aЛ.
_cСудостроение
_d1983
215 _a203 с.
_cил.
_d22
320 _aБиблиогр.: с. 201-203 (66 назв.)
700 1 _aМихайлов
_bВ. С.
_cд-р техн. наук, судостроение
_f1928-
_gВиктор Семенович
_3RU\NLR\AUTH\770189010
801 0 _aRU
_bNLR
_gpsbo
801 1 _aRU
_bELAR
_2rusmarc
852 _aNLR
_j83-5/5963
942 _cBOOK
980 _aNB